Random Country flags (Hard) - Statistics

General Stats
  • This quiz has been taken 585 times
  • The average score is 14 of 19
Answer Stats
Picture Answer % Correct
Uruguay
99%
Monaco
85%
Brunei
81%
North Macedonia
81%
St Lucia
78%
Zimbabwe
77%
Seychelles
75%
El Salvador
74%
Zambia
71%
Comoros
70%
Gambia
68%
Tuvalu
67%
Grenada
66%
Suriname
66%
East Timor
64%
Jordan
64%
Djibouti
62%
Dominica
62%
Armenia
61%
No matching quizzes found
Score Distribution
Percent of People with Each Score
Percentile by Number Answered
Your Score History
You have not taken this quiz